000
00218nam a2200109Ia 4500
100
_a
DR.JOYCE BROTHERS.
942
_c
BK
245
_a
HOW TO GET WHATEVER YOU WANT
260
_b
#N/A
546
_a
ENGLISH
999
_c
30703
_d
30703